| 000 | 00748nam a22002177a 4500 | ||
|---|---|---|---|
| 999 |
_c22487 _d22487 |
||
| 003 | AR-CdUCM | ||
| 008 | 190409b ||||| |||| 00| 0 spa d | ||
| 020 | _a9789508086884 | ||
| 040 |
_aMUNICIPALIDAD PROVINCIAL DEL CUSCO _cBIBLIOTECA MUNICIPAL DEL CUSCO |
||
| 082 |
_a372.7/G69 _bG69 |
||
| 100 |
_aGonzález, Adriana _948308 |
||
| 245 |
_aLos números por aquí y por allá : _bla numeración en la escuela primaria / _cAdriana González |
||
| 260 |
_aRosario : _bHomo Sapiens Ediciones, _c2020. |
||
| 300 |
_a82 páginas : _bilustraciones ; _c20 cm. |
||
| 500 | _zBibliografía: p. 81-82 | ||
| 650 |
_aMatemáticas _99398 |
||
| 650 |
_aEstrategias de aprendizaje _93147 |
||
| 650 |
_aMetodología _92264 |
||
| 942 |
_2ddc _cLIBROS |
||
| 945 | _arac | ||